Švédština pro samouky /
Saved in:
| Main Authors: | , |
|---|---|
| Format: | Book |
| Language: | Multiple languages |
| Published: |
Praha :
Státní pedagogické nakladatelství,
1982
|
| Edition: | 2.vyd. |
| Tags: |
No Tags, Be the first to tag this record!
|
MARC
| LEADER | 00000nam a22000003a 4500 | ||
|---|---|---|---|
| 001 | stu9621 | ||
| 005 | 20150617225803.7 | ||
| 008 | 970425s1982----cs------------------mul-d | ||
| 040 | |a STU |b slo | ||
| 041 | 0 | |a mul | |
| 044 | |a cs | ||
| 080 | |a 803.97 | ||
| 100 | 1 | |a Mencák, Břetislav |4 aut | |
| 245 | 1 | |a Švédština pro samouky / |c [aut.] Mencák,Břetislav.; Frydrich,Miroslav | |
| 250 | |a 2.vyd. | ||
| 260 | |a Praha : |b Státní pedagogické nakladatelství, |c 1982 | ||
| 300 | |a 407 s | ||
| 700 | 1 | |a Frydrich, Miroslav |4 aut | |
| 996 | |b 284EK01383 |c E*49793 |l EE01 |s A |a 24 |w stu9621_0001 | ||